000 00551nam a2200193Ia 4500
005 20250923145413.0
008 008 250917s9999 xx 000 0 eng d
037 _aTextual
040 _aDSWL
_beng
_cDSWL
041 _aeng
_2eng
084 _qDSWL
100 _aDeSouza, L. Ag
_9834950
245 0 _aYouth participation in the development process: A case study in Panama
_c by L. Ag DeSouza
260 _aParis
_bUnesco
_c1976
300 _a101 p.
700 _a L. Ribeiro
_9834951
942 _cTEXL
999 _c1450953
_d1450953